Mixed Word Safe Cracker Quiz Stats

Quiz Updated Nov 2, 2016

Challenge
Share
Tweet
You have just 3 minutes to crack the safe, in order to do so you must type all the answers in alphabetical order by unscrambling the words. Correctly solving each column will reveal a 'Combination' to access the next column.
Score 0/60 Timer 03:00
12 Plays Today
Scramble Word % Correct
????
100%
????
98.4%
????
98.3%
????
98.3%
????
98.2%
????
95.4%
????
94%
????
87.5%
????
86.4%
????
85%
????
82.5%
????
82%
????
79.7%
????
76.9%
????
66.5%
????
66.3%
????
65.9%
????
65.7%
????
64.7%
????
64.5%
????
64.2%
????
64%
????
54.2%
????
54%
????
53.7%
????
53.4%
????
53%
????
52.5%
????
52.2%
????
51.9%
Scramble Word % Correct
????
51.4%
????
51.2%
????
51%
????
50.7%
????
50.5%
????
50.2%
????
41.3%
????
40.7%
????
40.2%
????
38.3%
????
37.5%
????
37.2%
????
33.2%
????
33%
????
32.5%
????
32.2%
????
30.9%
????
30.5%
????
28.1%
????
27.4%
????
27%
????
26.3%
????
24.1%
????
23.7%
????
13.1%
????
12.7%
????
11.8%
????
10.8%
????
10.3%
????
9.9%

You're not logged in!

Compare scores with friends on all Sporcle quizzes.
Join for Free
OR
Log In

You Might Also Like...

Show Comments

Extras

Top Quizzes Today


Score Distribution

Your Account Isn't Verified!

In order to create a playlist on Sporcle, you need to verify the email address you used during registration. Go to your Sporcle Settings to finish the process.

Report this User

Report this user for behavior that violates our Community Guidelines.

Details: